Taller iberoamericano para el intercambio de información sobre biodiversidad con énfasis en colecciones biológicas (Registro nro. 5915)

Detalles MARC
000 -CABECERA
Campo de control 01138nam a2200205 a 4500
005 - FECHA Y HORA DE LA ULTIMA TRANSACCION
Campo de control 20200104041604.0
008 - ELEMENTOS DE LONGITUD FIJA—INFORMACION GENERAL
Campo de control 140128b2006 ck ||||| |||| 00| 0 spa d
040 ## - FUENTE DE CATALOGACIÓN
Agencia catalogadora original CO-BoIAVH
Agencia transcriptora CO-BoIAVH
041 0# - IDIOMA
Código de idioma para texto/pista de sonido o título separado Español
-- Inglés
044 ## - PAÍS DE PUBLICACIÓN
País de publicación Colombia
082 04 - NUMERO DE CLASIFICACION DECIMAL DEWEY
Número de clasificación 333.950285
Número del ítem T14i
111 2# - ASIENTO PRINCIPAL--NOMBRE DE REUNION
Nombre de reunión o de jurisdicción como elemento de entrada Taller Iberoamericano para el Intercambio de Información sobre Biodiversidad con énfasis en Colecciones Biológicas
Lugar de la reunión Bogotá
Fecha de la reunión diciembre 3-6, 2006
9 (RLIN) 80774
245 10 - MENCION DE TITULO
Título Taller iberoamericano para el intercambio de información sobre biodiversidad con énfasis en colecciones biológicas
Parte restante del título garantizando la interoperabilidad
260 ## - PUBLICACION, DISTRIBUCION, ETC. (PIE DE IMPRENTA)
Lugar de publicación, distribución, etc. Bogotá :
Nombre del editor, distribuidor, etc. CYTED :
-- IABIN :
-- Instituto de Investigación de Recursos Biológicos Alexander von Humboldt :
-- SIB :
-- GBIF :
-- MACN,
Fecha de publicación, distribución, etc. 2006.
300 ## - DESCRIPCION FISICA
Extensión 55 páginas :
Otros detalles físicos ilustraciones ;
Dimensiones 22 x 23 cm.
650 26 - ASIENTO SECUNDARIO DE MATERIA - TERMINO TEMATICO
Término temático o nombre geográfico como elemento de entrada Biodiversidad
Subdivisión general Sistemas de Información
Subdivisión de forma Congresos, conferencias, etc.
9 (RLIN) 80775
650 26 - ASIENTO SECUNDARIO DE MATERIA - TERMINO TEMATICO
Término temático o nombre geográfico como elemento de entrada Tecnologías para la información y la comunicación (TIC)
Subdivisión de forma Congresos, conferencias, etc.
9 (RLIN) 80776
710 2# - ASIENTO SECUNDARIO - NOMBRE CORPORATIVO
Nombre corporativo o de jurisdicción como elemento de entrada Instituto de Investigación de Recursos Biológicos Alexander von Humboldt
9 (RLIN) 204
942 ## - ELEMENTOS ADICIONALES (KOHA)
Tipo de ítem Libro
Sistema de clasificación Dewey Decimal Classification
Existencias
Withdrawn status Lost status Sistema de Clasificación Damaged status No para préstamo Colección Inventariado Ubicación Permanente Ubicación actual Fecha de adquisición Total Checkouts Número topográfico Inventario / Código de Barras Date last seen Ejemplar Price effective from Forma de adquisición Tipo de material Fuente de Valor Valor Total Renewals Date checked out
    Local     Humboldt Inventariado 2017 Bogotá Bogotá 07/11/2007   IAVH-00764 025775 04/12/2012 Ej. 1 04/12/2012 Institucional Folleto        
    Dewey Decimal Classification     Humboldt Inventariado 2017 Bogotá Bogotá 27/03/2008 2 IAVH-333.950285 T14i 041165 30/03/2017 Ej. 2 04/12/2012 Institucional Libro Instituto 30000.00 2 30/07/2015
    Dewey Decimal Classification     Humboldt   Bogotá Bogotá 29/01/2020   IAVH-00764 043497 29/01/2020 Ej. 3 29/01/2020 Institucional Folleto        
    Dewey Decimal Classification     Humboldt   Bogotá Bogotá 29/01/2020   IAVH-00764 043498 29/01/2020 Ej. 4 29/01/2020 Institucional Folleto        
    Dewey Decimal Classification     Humboldt   Bogotá Bogotá 29/01/2020   IAVH-00764 043292 29/01/2020 Ej. 5 29/01/2020 Institucional Folleto        
    Dewey Decimal Classification     Humboldt   Bogotá Bogotá 29/01/2020   IAVH-00764 043293 29/01/2020 Ej. 6 29/01/2020 Institucional Folleto        
    Dewey Decimal Classification     Humboldt   Bogotá Bogotá 29/01/2020   IAVH-00764 043294 29/01/2020 Ej. 7 29/01/2020 Institucional Folleto